| 000 | 00383nam a2200145Ia 4500 | ||
|---|---|---|---|
| 008 | 210210b1973 xxu||||| |||| 00| 0 eng d | ||
| 082 | _a333.85 RADI | ||
| 100 | _aRADHAKRISHNA (B P). | ||
| 245 | _aIron ores of Mysore state India. | ||
| 260 |
_aMysore _bUniversity of Mysore _c1973 |
||
| 300 | _a94 | ||
| 650 | _aIron ores of Karnataka | ||
| 690 | _aLand Economics | ||
| 906 | _a032797 | ||
| 999 |
_c83766 _d83766 |
||